Statistics for Pixar Ultimate Name Game

Click here to take the quiz!

General Stats

  • This quiz has been taken 28 times
    (17 since last reset)
  • The average score is 16 of 30

Answer Stats

Hint Answer % Correct
WazowskiMike
100%
LightyearBuzz
93%
ParrRobert
87%
ParrViolet
87%
ParrDash
87%
SullivanJames
80%
FredericksonCarl
80%
Ellie
80%
ModeEdna
80%
McQueenLightning
80%
ParrJack-Jack
80%
ParrHelen
73%
HudsonDoc
67%
HicksChick
60%
WaternooseHenry
53%
BoggsRandall
47%
VoyageBomb
47%
McMissileFinn
47%
LinguiniAlfredo
40%
McWhigginAl
40%
CarreraSally
33%
SandersonGeorge
33%
MuntzCharles
27%
DavisAndy
27%
AndersenRiley
20%
BestLucius
20%
ShiftwellHolley
20%
GusteauAuguste
20%
TatouColette
13%
KroppBernie
7%

Score Distribution

Percentile by Number Answered

Percent of People with Each Score

Your Score History

You have not taken this quiz since the last reset